Tous les classiques disney et pixar - Statistiques

Statistiques générales
  • Ce quiz a été pris 5 363 fois
    12 depuis la dernière actualisation
  • Le résultat moyen est 78 sur 138
Statistiques - réponses
Hint Disney/ Pixar % Correct
108 La reine des neiges
100%
101 Raiponce
100%
1 Blanche neige
88%
11 Cendrillon
88%
16 La belle au bois dormant
88%
37 Le roi lion
88%
91 Ratatouille
88%
40 Toy story
88%
8 Bambi
75%
86 Cars
75%
102 Cars 2
75%
114 Cars 3
75%
119 Coco
75%
3 Fantasia
75%
35 La belle et la bête
75%
15 La belle et le clochard
75%
32 La petite sirène
75%
98 La princesse et la grenouille
75%
43 Le bossu de notre dame
75%
71 Le monde de Némo
75%
18 Merlin l'enchanteur
75%
2 Pinocchio
75%
39 Pocahontas
75%
23 Robin des bois
75%
27 Rox et Rouky
75%
52 Toy story 2
75%
99 Toy story 3
75%
122 Toy story 4
75%
118 Vaiana
75%
113 Vice Versa
75%
49 1001 pattes
63%
129 Alerte rouge
63%
60 Atlantide
63%
29 Basil detective privé
63%
6 Dumbo
63%
132 Élémentaire
63%
124 En avant
63%
128 Encanto, la fantastique famille Madrigal
63%
72 Frère des ours
63%
45 Hercule
63%
58 La belle et le clochard 2
63%
74 La ferme se rebelle
63%
123 La reine des neiges 2
63%
20 Le livre de la jungle
63%
117 Le monde de Dory
63%
50 Le roi lion 2
63%
17 Les 101 dalmatiens
63%
21 Les aristochats
63%
25 Les aventures de Bernard et Bianca
63%
105 Les mondes de ralph
63%
115 Le voyage d'Arlo
63%
127 Luca
63%
46 Mulan
63%
30 Oliver et Compagnie
63%
14 Peter pan
63%
107 Planes
63%
110 Planes 2
63%
103 Rebelle
63%
125 Soul
63%
28 Taram et le chaudron magique
63%
51 Tarzan
63%
135 Vaiana 2
63%
134 Vice Versa 2
63%
24 Winnie l'ourson
63%
133 Wish, Asha et la bonne étoile
63%
116 Zootopie
63%
36 Aladdin
50%
42 Aladdin et le roi des voleurs
50%
13 Alice au pays des merveilles
50%
131 Avalonia l'étrange voyage
50%
84 Bambi 2
50%
34 Bernard et Bianca au pays des kangourous
50%
89 Bienvenue chez les robinson
50%
130 Buzz l'Éclair
50%
62 Cendrillon 2
50%
112 Clochette et la créature légendaire
50%
109 Clochette et la fée pirate
50%
97 Clochette et la pierre de lune
50%
104 Clochette et le secret des fées
50%
10 Coquin de printemps
50%
53 Fantasia 2000
50%
87 Frère des ours 2
50%
47 La belle et la bête 2
50%
94 La féé clochette
50%
55 La petite sirène 2
50%
67 La planète au tresor
50%
61 Le bossu de notre dame 2
50%
68 Le livre de la jungle 2
50%
38 Le retour de Jafar
50%
73 Le roi lion 3
50%
66 Les 101 dalmatiens 2
50%
70 Les aventures de Porcinet
50%
56 Les aventures de Tigrou
50%
93 Le secret de la petite sirène
50%
78 Les indestructibles
50%
120 Les indestructibles 2
50%
111 Les nouveaux héros
50%
88 Le sortilège de cendrillon
50%
7 Les trois Caballeros
50%
12 Mélodie Cocktail
50%
4 Mélodie du Sud
50%
77 Mulan 2
50%
65 Peter pan 2
50%
48 Pocahontas 2
50%
121 Ralph 2.0
50%
80 Tarzan 2
50%
95 Volt star malgré lui
50%
92 Wall E
50%
44 Winnie l'ourson 2
50%
137 Zootopie 2
50%
82 Chicken little
38%
100 Clochette et l'expedition féerique
38%
41 Dingo et Max
38%
54 Dingo et max 2
38%
57 Dinosaure
38%
136 Elio
38%
59 Kuzco
38%
33 La bande à picsou
38%
9 La boîte à musique
38%
96 La haut
38%
22 L'apprentie sorcière
38%
69 Le crapaud et le maître d'école
38%
76 Les aventures de petit gourou
38%
31 Les aventures de Winnie L'ourson
38%
64 Lilo et stitch
38%
81 Lilo et stitch 2
38%
19 Mary Poppins
38%
106 Monstres Academy
38%
63 Monstres et cie
38%
26 Peter et Elliott le Dragon
38%
126 Raya et le dernier dragon
38%
90 Rox et Rouky 2
38%
5 Saludos Amigos
38%
85 The wild
38%
138 Jumpers
25%
83 Kuzco 2
25%
75 Mickey Donald Dingo les trois mousquetaires
25%
79 Winnie l'ourson et l'éfélant
25%
Aucun quiz correspondant
Distribution des résultats
% des personnes avec chaque résultat
Percentile par nombre de réponses
Votre historique - résultats
Vous n’avez pas pris ce quiz depuis la dernière actualisation